| 000 | 00550nam a2200145 i 4500 | ||
|---|---|---|---|
| 001 | 183826 | ||
| 003 | ES-MaACL | ||
| 005 | 20230906221958.0 | ||
| 008 | 141021s1886 sp |||| | spa d | ||
| 245 | 0 | 4 |
_aLos principios de elección y de antigüedad en su aplicación á los ascensos de los jefes y oficiales del ejército / _cpor un oficial de artillería. |
| 260 |
_aMadrid : _b[s.n.], _c1886 ( _fImpr. de los sres. viuda e hijos de Aguado) |
||
| 300 |
_a32 p. ; _c20 cm. |
||
| 650 | 0 | 4 |
_aEjército- _zEspaña. _912134 |
| 852 |
_aES-MaACL _jT-575-F-3 |
||
| 999 |
_c183826 _d183826 |
||